Павел Афанасьевич Удодов - основатель Сибирской гидрогеохимической школы; Известия Томского политехнического университета [Известия ТПУ]; Т. 306, № 6

Dades bibliogràfiques
Parent link:Известия Томского политехнического университета [Известия ТПУ]/ Томский политехнический университет (ТПУ).— , 2000-
Т. 306, № 6.— 2003.— [С. 147-154]
Autor principal: Рассказов Н. М. Николай Михайлович
Altres autors: Копылова Ю. Г. Юлия Григорьевна
Sumari:Заглавие с титульного листа
Электронная версия печатной публикации
Рассмотрена история становления и развития гидрогеохимических исследований в Томском политехническом университете и основные вехи жизненного пути основателя Сибирской гидрогеохимической школы Павла Афанасьевича Удодова.
Idioma:rus
Publicat: 2003
Col·lecció:Страницы истории ТПУ
Matèries:
Accés en línia:http://www.lib.tpu.ru/fulltext/v/Bulletin_TPU/2003/v306/i6/34.pdf
Format: Electrònic Capítol de llibre
KOHA link:https://koha.lib.tpu.ru/cgi-bin/koha/opac-detail.pl?biblionumber=168015

MARC

LEADER 00000nla2a2200000 4500
001 168015
005 20231031162952.0
035 |a (RuTPU)RU\TPU\book\182290 
035 |a RU\TPU\book\182239 
090 |a 168015 
100 |a 20091023d2003 k y0rusy50 ca 
101 0 |a rus 
102 |a RU 
135 |a drnn ---uucaa 
181 0 |a i  
182 0 |a b 
200 1 |a Павел Афанасьевич Удодов - основатель Сибирской гидрогеохимической школы  |b Электронный ресурс  |f Н. М. Рассказов, Ю. Г. Копылова 
203 |a Текст  |c электронный 
215 |a 1 файл (2.8 Мб) 
225 1 |a Страницы истории ТПУ 
230 |a Электронные текстовые данные (1 файл : 2.8 Мб) 
300 |a Заглавие с титульного листа 
300 |a Электронная версия печатной публикации 
320 |a [Библиогр.: с. 154 (46 назв.)] 
330 |a Рассмотрена история становления и развития гидрогеохимических исследований в Томском политехническом университете и основные вехи жизненного пути основателя Сибирской гидрогеохимической школы Павла Афанасьевича Удодова. 
337 |a Adobe Reader 
461 1 |0 (RuTPU)RU\TPU\book\176237  |t Известия Томского политехнического университета [Известия ТПУ]  |f Томский политехнический университет (ТПУ)  |d 2000- 
463 1 |0 (RuTPU)RU\TPU\book\182122  |t Т. 306, № 6  |v [С. 147-154]  |d 2003  |p 167 с. 
600 1 |a Удодов  |b П. А.  |f 1903-1981  |g Павел Афанасьевич  |c российский ученый  |c геохимик  |c профессор Томского политехнического института  |y Томск  |2 stltpush  |3 (RuTPU)RU\TPU\pers\9241 
601 0 2 |a Томский политехнический университет (ТПУ)  |c (1991- )  |2 stltpush  |3 (RuTPU)RU\TPU\col\376 
610 1 |a Сибирская гидрогеохимическая школа 
610 1 |a гидрогеохимические исследования 
610 1 |a труды учёных ТПУ 
610 1 |a электронный ресурс 
700 1 |a Рассказов  |b Н. М.  |c геолог  |c профессор Томского политехнического университета, доктор геолого-минералогических наук  |f 1932-  |g Николай Михайлович  |2 stltpush  |3 (RuTPU)RU\TPU\pers\22123 
701 1 |a Копылова  |b Ю. Г.  |c российский гидрогеолог  |c доцент Томского политехнического университета, кандидат геолого-минералогических наук  |c директор учебно-научно-производственного центра «Вода»  |f 1941-  |g Юлия Григорьевна  |2 stltpush  |3 (RuTPU)RU\TPU\pers\26086 
801 1 |a RU  |b 63413507  |c 20090623  |g PSBO 
801 2 |a RU  |b 63413507  |c 20210521  |g PSBO 
856 4 |u http://www.lib.tpu.ru/fulltext/v/Bulletin_TPU/2003/v306/i6/34.pdf 
942 |c CF